UM Logo
Normal view MARC view
  • Stansberry Brusnahan, L. Lynn.,

Entry Personal Name

Number of records used in: 1

001 - CONTROL NUMBER

  • control field: 39239

003 - CONTROL NUMBER IDENTIFIER

  • control field: OSt

005 - DATE AND TIME OF LATEST TRANSACTION

  • control field: 20190816151404.0

008 - FIXED-LENGTH DATA ELEMENTS

  • fixed length control field: 190816|| aca||aabn | a|a d

040 ## - CATALOGING SOURCE

  • Original cataloging agency: OSt
  • Transcribing agency: OSt

100 ## - HEADING--PERSONAL NAME

  • Personal name: Stansberry Brusnahan, L. Lynn.,
  • Relator term: author.

670 ## - SOURCE DATA FOUND

  • Source citation: Work cat.: (OSt)0: Quill, Kathleen Ann, 1952- author. 39236, Do-watch-listen-say :, ©2017